|
|
|
|
| LEADER |
02560nam a2200397 a 4500 |
| 001 |
870192 |
| 003 |
BD-DhAAL |
| 005 |
20250204095313.0 |
| 008 |
090616s2008 ilua b 001 0 eng d |
| 010 |
|
|
|a 79187055
|
| 020 |
|
|
|a 9780324585377
|
| 020 |
|
|
|a 0324585373
|
| 020 |
|
|
|a 9780324645088
|
| 020 |
|
|
|a 0324645082
|
| 040 |
|
|
|a DLC
|c DLC
|d DLC
|d BD-DhAAL
|
| 082 |
0 |
0 |
|a 338/.001
|2 22
|
| 100 |
1 |
|
|a Snyder, Christopher.
|9 49039
|
| 245 |
1 |
0 |
|a Microeconomic theory:
|b basic principles and extensions/
|c Christopher Snyder, Walter Nicholson
|
| 250 |
|
|
|a Tenth edition.
|
| 260 |
|
|
|a Australia :
|b Thomson South-Western,
|c 2008
|
| 300 |
|
|
|a xvii, 740 pges :
|b illustrations ;
|c 26 cm.
|
| 504 |
|
|
|a Includes bibliographical references.
|
| 526 |
|
|
|x Fahmida Saadia Rahman
Department of ESS.
Course name and no. N/A
|
| 541 |
1 |
|
|a Essence science publication
|e 00018589
|
| 650 |
|
0 |
|a Microeconomics.
|
| 700 |
1 |
|
|a Nicholson, Walter.
|
| 852 |
4 |
|
|a Ayesha Abed Library
|j General Shelf.
|
| 942 |
0 |
0 |
|0 2
|2 ddc
|c BK
|
| 999 |
|
|
|c 1995
|d 1995
|
| 952 |
|
|
|0 0
|1 0
|2 ddc
|4 0
|6 338_001000000000000_SNY_2008
|7 0
|9 1832
|a BRACUL
|b BRACUL
|c GEN
|d 2009-07-02
|e Essence science publication
|g 3134.00
|l 23
|m 223
|o 338.001 SNY
|p 3010018589
|r 2026-01-12
|s 2025-10-07
|t 1
|y BK
|x Requisitioned by Fahmida Saadia Rahman Department of ESS. Course name and no. N/A
|
| 952 |
|
|
|0 0
|1 0
|2 ddc
|4 0
|6 338_001000000000000_SNY_2008
|7 0
|9 5110
|a BRACUL
|b BRACUL
|c GEN
|d 2009-04-30
|g 3134.00
|l 26
|m 254
|o 338.001 SNY
|p 3010018521
|r 2026-01-15
|s 2025-06-17
|t 2
|v 6268.00
|w 2009-11-09
|y BK
|
| 952 |
|
|
|0 0
|1 0
|2 ddc
|4 0
|6 338_001000000000000_SNY_2008
|7 0
|9 5111
|a BRACUL
|b BRACUL
|c GEN
|d 2009-04-30
|g 3134.00
|l 23
|m 188
|o 338.001 SNY
|p 3010018523
|r 2026-02-01
|s 2025-10-13
|t 3
|v 6268.00
|w 2009-11-09
|y BK
|
| 952 |
|
|
|0 0
|1 0
|2 ddc
|4 0
|6 338_001000000000000_SNY_2008
|7 0
|9 5112
|a BRACUL
|b BRACUL
|c GEN
|d 2009-04-30
|g 3134.00
|l 18
|m 180
|o 338.001 SNY
|p 3010018522
|q 2023-08-16
|r 2021-11-04
|s 2021-11-04
|t 4
|v 6268.00
|w 2009-11-09
|y BK
|
| 952 |
|
|
|0 0
|1 0
|2 ddc
|4 0
|6 338_000000000000000__001_SNY_2008
|7 0
|9 9822
|a BRACUL
|b BRACUL
|c GEN
|d 2010-05-06
|e Essence science publication
|g 3134.00
|l 20
|m 180
|o 338.001 SNY
|p 3010018590
|r 2026-02-18
|s 2025-10-07
|t 5
|y BK
|x Requisitioned by Fahmida Saadia Rahman Department of ESS. Course name and no. N/A
|
| 952 |
|
|
|0 0
|1 0
|2 ddc
|4 0
|6 338_001000000000000_SNY_2008
|7 0
|9 11624
|a BRACUL
|b BRACUL
|c GEN
|d 2010-08-17
|l 19
|m 183
|o 338.001 SNY
|p 3010020776
|r 2026-01-12
|s 2025-10-07
|t 6
|w 2010-08-17
|y BK
|
| 952 |
|
|
|0 0
|1 0
|2 ddc
|4 0
|6 338_001000000000000_SNY_2008
|7 0
|9 11625
|a BRACUL
|b BRACUL
|c GEN
|d 2010-08-17
|l 26
|m 252
|o 338.001 SNY
|p 3010020775
|r 2026-05-16
|s 2026-02-01
|t 7
|w 2010-08-17
|y BK
|